Psíčkari v Gbeloch dobojovali

Bibliographic Details
Main Authors: Bolebruch, Ján (Author), Hamerlík, Ján (Author)
Format: Article
Language:Slovak
PhysicalDescription:Fotogr.
ISSN:1335-9282
Subjects:
Online Access:www.dogsk.sk

MARC

LEADER 00000nab a2200000 a 4500
001 vtls010184939
003 SK-MaSNL
005 20260303171142.0
008 101102c201003 xo r p 000 00slo
015 |a SNBRB2010/04SVKPO 
038 |a SVKPOCL 
040 |a SVKPOCL  |b slo  |c AACR2  |e AACR2 
041 |a slo 
044 |a xo  |c SK 
080 |a 636.7:798.8.093.1  |2 2001 
080 |a 798.8.093.1  |2 2001 
100 1 |a Bolebruch, Ján  |4 aut  |9 942102 
245 1 0 |a Psíčkari v Gbeloch dobojovali  |c Ján Bolebruch, Ján Hamerlík 
300 |a Fotogr. 
610 2 7 |a Kynologický klub (Gbely, Slovensko)  |2 svkpocl  |9 1195291 
611 2 7 |a Záhorácka zimná liga kynológov  |n (13. :  |d 2009/2010 :  |c Gbely, Slovensko)  |2 svkpocl  |9 1195293 
648 7 |a 27.2.2010  |2 svkpocl  |9 1195294 
650 0 7 |a športová kynológia  |2 svkpocl  |9 79322 
651 7 |a Gbely (Slovensko)  |2 svkpocl  |9 58755 
700 1 |a Hamerlík, Ján  |4 aut  |9 1104671 
773 0 |t Kynologická revue  |g Roč. XXI, č. 3 (2010), s. 28-30  |x 1335-9282 
852 |a SVKPO  |b KIS3GCP 
856 4 1 |u www.dogsk.sk 
958 |a NB 
958 |a SK 
999 |c 2080139  |d 2082069